|
|
|
|
| LEADER |
00000nam0a2200000 4500 |
| 001 |
259423 |
| 005 |
20231101233403.0 |
| 035 |
|
|
|a (RuTPU)RU\TPU\book\282365
|
| 090 |
|
|
|a 259423
|
| 100 |
|
|
|a 20140508d1987 k y0rusy50 ca
|
| 101 |
0 |
|
|a rus
|
| 102 |
|
|
|a RU
|
| 105 |
|
|
|a a z 001zy
|
| 200 |
1 |
|
|a Численные методы в исследовании напряжений и деформаций в конструкциях
|e сборник научных трудов
|f Академия наук СССР (АН СССР), Уральский научный центр (УНЦ) ; под ред. А. А. Поздеева
|
| 210 |
|
|
|a Свердловск
|c Изд-во УНЦ
|d 1987
|
| 215 |
|
|
|a 104 с.
|c ил.
|
| 320 |
|
|
|a Библиогр. в конце ст.
|
| 606 |
1 |
|
|a Напряжения
|x Концентрация
|x (машиностроение)
|2 stltpush
|3 (RuTPU)RU\TPU\subj\44855
|9 64133
|
| 610 |
1 |
|
|a численные методы
|
| 610 |
1 |
|
|a конструкции
|
| 610 |
1 |
|
|a деформация
|
| 610 |
1 |
|
|a динамические режимы
|
| 610 |
1 |
|
|a оптимальное проектирование
|
| 610 |
1 |
|
|a задачи
|
| 610 |
1 |
|
|a решение
|
| 675 |
|
|
|a 621.01:539.3
|v 3
|
| 702 |
|
1 |
|a Поздеев
|b А. А.
|4 340
|
| 712 |
0 |
2 |
|a Академия наук СССР (АН СССР)
|b Уральский научный центр (УНЦ)
|2 stltpush
|3 (RuTPU)RU\TPU\col\3284
|
| 801 |
|
1 |
|a RU
|b 63413507
|c 20140508
|
| 801 |
|
2 |
|a RU
|b 63413507
|c 20150116
|g RCR
|
| 942 |
|
|
|c BK
|